| 000 | 00350nam a22001457a 4500 | ||
|---|---|---|---|
| 005 | 20250320080704.0 | ||
| 008 | 250320b |||||||| |||| 00| 0 eng d | ||
| 082 |
_222 _a891 _bAAT |
||
| 100 | _aMurugaiyan. R | ||
| 245 | _aAathi Bhagavan | ||
| 260 |
_aChavakachcheri _bArivazhaku Pathippakam _c1978 |
||
| 300 | _a36 p ., | ||
| 650 | _aPoems | ||
| 942 | _cL | ||
| 999 |
_c5997 _d5997 |
||